01462nam a2200265 a 450000100100000000500170001000800410002704000250006804100130009308200170010611101040012324502940022724600670052124600600058824600780064826000660072630000310079259000260082365000520084965000650090165000650096691000370103195201110106899900170117900002749820200930030858.0110401s1990 dr b 000 0 spa d aDO-SdBNPbspacBNPHU17aspabeng a615.1bC749m2 aCongreso Panamericano de Farmacia y Bioquimican(13avod1988, nov. 27-dic. 3cSanto Domingo)95458210aMemorias del XIII Congreso Panamericano de Farmacia ; Bioquimica y XVI Congreso Centroamericano y el Caribe de Ciencias Farmaceuticas =bProceedings of the XIII Pan-American Congress of Pharmacy and Biochemistry and XVI Centralamerican and the Caribbean Congress of Pharmaceutical Science.11aCongreso Centroamericano y el Caribe de Ciencias Farmaceuticas11aXIII Pan-American Congress of Pharmacy and Biochemistry11aXVI Centralamerican and the Caribbean Congress of Pharmaceutical Sciences aSanto Domingo :bAsociación Farmaceutica Dominicana,c1990. a207 p. :bretrs. ;c28 cm. aInventariado, 2018/LP 4aFarmaciaxCongresos, conferencias , etc.954583 4aIndustria farmaceuticaxCongresos, conferencias, etc.953025 4aIndustria farmaceuticaxCongresos, conferencias, etc.953025 aValidado. Control de calidad MFF 00105071aPDbPDcHDd2011-04-13iLF1l0o615.1 C749mp27498-10r2020-06-25w2020-06-25y1ZNo se presta c26990d26990